Napoleón / (Registro nro. 9711)

Detalles MARC
000 -LIDER
fixed length control field 00908nam a2200301 4500
001 - NÚMERO DE CONTROL
Identificador de número de control 159159
003 - IDENTIFICACDOR DE NÚMERO DE CONTROL
control field DO-SdBN
005 - DATE AND TIME OF LATEST TRANSACTION
control field 20250606123356.0
007 - CAMPOS FIJOS DE DESCRIPCIÓN FÍSICA
fixed length control field 159159
008 - ELEMENTOS DE LONGITUD FIJA
fixed length control field 850611s1984 sp a 0000 bspa
017 ## - NÚMERO DE REGISTRO DE DERECHOS DE AUTOR
Copyright or legal deposit number
Assigning agency
020 ## - ISBN
International Standard Book Number 8434581489
035 ## - NÚMERO LOCAL
System control number
040 ## - FUENTE DE CATALOGACIÓN
Agencia que crea de manera original el registro DO-SdBN
Idioma de catalogación spa
Agencia que realiza la transcripción BPMSU
Convenciones de la despripción
080 ## - NÚMERO DE CLASIFICACIÓN DECIMAL UNIVERSAL
Universal Decimal Classification number
082 #4 - NÚMERO DE CLASIFICACIÓN DECIMAL DE DEWEY
Classification number 923.144
Item number N216M 1984
Edition number 22
100 1# - ASIENTO PRINCIPAL -- NOMBRE PERSONAL
Nombre personal Maurois, André
Fechas asociadas con el nombre 1885-1967
245 10 - MENCIÓN DE TITULO
Título Napoleón /
Mención de responsabilidad André Maurois ; prólogo, Carmen Llorca
260 ## - PUBLICACIÓN, DISTRIBUCIÓN, ETC. (PIE DE IMPRENTA)
Lugar de publicación, distribución, etc Barcelona ;
Nombre del editor, distribuidor, etc. Salvat,
Fecha de publicación, distribución, etc 1984
300 ## - DESCRIPCIÓN FÍSICA
Extensión 189 p. :
Otros detalles físicos il.;
Dimensiones 20 cm
490 0# - MENCIÓN DE SERIES
Mención de serie Biblioteca Salvat de Grandes Biografías,
Volume/sequential designation 1
590 ## - NOTA LOCAL
Texto de la nota local Inventariado, 2025/VM
600 14 - ENCABEZAMIENTO DE MATERIA--NOMBRE PERSONAL
Nombre personal Napoleón I, Emperador de Francia,
Numeración I
Fechas asociadas con el nombre 1769-1821
Títulos u otras palabras asociadas con el nombre Emperador de Francia
Subdivisión temática general
651 #4 - ENCABEZAMIENTO DE MATERIA--NOMBRE GEOGRÁFICO
Nombre geográfico Francia
Subdivisión temática general Historia
Subdivisión cronológica 1789-1815.
700 1# - ASIENTO SECUNDARIO -- NOMBRE PERSONAL
Nombre personal Llorca, Carmen
Mención de responsabilidad prólogo
910 ## - VALIDACIÓN
Validación VMateo V. Control de calidad. BPMSU
942 ## - ADDED ENTRY ELEMENTS (KOHA)
Source of classification or shelving scheme Dewey Decimal Classification
Koha item type Libros
Existencias
Withdrawn status Lost status Source of classification or shelving scheme Damaged status Not for loan Collection code Home library Current library Date acquired Source of acquisition Total Checkouts Full call number Barcode Date last seen Price effective from Koha item type
    Dewey Decimal Classification     Colección General Biblioteca Pública Metropolitana Salomé Ureña Biblioteca Pública Metropolitana Salomé Ureña 04/12/2016 FUNDI   BPMSU CG 923.144 N216M 1984 BPMSU16040358 04/12/2016 04/12/2016 Libros